000
00246 a2200097 4500
001
90856
082
_a
954.025 MUH
090
_c
43028
_d
43028
100
_a
Muhammad Zahid Malik
245
_a
Mughlon Ka Dor e Hakomat Aur Un Ka Zawaal
_c
Muhammad Zahid Malik
942
_k
954.025 MUH
999
_c
325929
_d
325929